| 000 | 00983nac a22002891i 4500 | ||
|---|---|---|---|
| 003 | EG-ScBUE | ||
| 005 | 20250701095730.0 | ||
| 008 | 250701s2007 enka f b 001 0 eng d | ||
| 020 | _a9780521858410 | ||
| 020 | _a0521858410 | ||
| 035 | _a(OCoLC)ocm71808146 | ||
| 035 | _a(OCoLC)71808146 | ||
| 040 |
_aEG-ScBUE _beng _erda _cEG-ScBUE _dEG-ScBUE |
||
| 082 | 0 | 4 |
_a539.725 _bDIN _222 |
| 100 | 1 |
_aDine, Michael, _eauthor. |
|
| 245 | 1 | 0 |
_aSupersymmetry and string theory : _bbeyond the standard model / _cMichael Dine, University of Calfornia, Santa Cruz. |
| 264 | 1 |
_aCambridge : _bCambridge University Press, _c2007 |
|
| 300 |
_axx, 515 pages : _billustrations ; _c26 cm |
||
| 336 |
_2rdacontent _atext _btxt |
||
| 337 |
_aunmediated _2rdamedia _bn |
||
| 338 |
_avolume _bnc _2rdacarrier |
||
| 504 | _aIncludes bibliographical references and index. | ||
| 650 | 7 |
_aSupersymmetry. _2BUEsh |
|
| 650 | 7 |
_aString models. _2BUEsh |
|
| 655 | _vReading book | ||
| 942 |
_cBB _2ddc |
||
| 999 |
_c3301 _d3301 |
||